000
00321nam a2200133Ia 4500
005
20251222144922.0
008
251222s9999||||xx |||||||||||||| ||spa||
020
_a
84-285-1366-X
082
_a
268.4/E63
100
_a
Enomiya Lassalle, Hugo M.
245
0
_a
Zen y MÃstica Cristiana
264
_b
Paulinas
942
_c
LIB
999
_c
22739
_d
22739